00473nam a2200157Ia 45000030006000000080041000060400015000471000017000622450030000792600020001095460012001299420012001419990017001530050017001709520128001870STCL150530s9999 xx 000 0 und d aSTCLcSTCL aThomas Hardy aUnder the green wood tree bMacmillanc1968 aEnglish 2ddccBK c57056d5705620220125171020.0 00102ddc4070aSTCALbSTCALcGENd2015-05-30g4.00l4m2o823-1010p8771r2019-01-10 00:00:00s2018-12-12w2015-05-30yBK